000 00631nam a2200241Ia 4500
003 OSt
005 20220924114608.0
006 a|||||r|||| 00| 0
007 ta
008 220923b |||||||| |||| 00| 0 urd d
020 _c15.00
024 _a315924
037 _cTextual
040 _aARTS
_cARTS
_burd
041 _2urd
_aurd
082 _aO168,1N30x, M1
100 _aAbu Mohammad Sahar
_9174442
245 0 _aBarg-e-sahar
260 _aBhopal
_bMaktaba Adeeb India
_c1981
650 _aURDU POETRY
942 _hO168,1N30x, M1
_cTEXL
_2CC
999 _c394374
_d394374